[Event "Masters Open"]
[Site "Qatar"]
[Date "2015.12.26"]
[Round "6.3"]
[White "Ganguly, Surya Shekhar"]
[Black "Giri, Anish"]
[Result "1/2-1/2"]
[WhiteElo "2648"]
[BlackElo "2784"]
[EventDate "2015.??.??"]
[Annotator "Bojkov,Dejan"]
[PlyCount "130"]
[Beauty "4884493503045"]
[EventType "team-tourn"]
[EventCountry "QAT"]
[WhiteClock "0:05:10"]
[BlackClock "0:01:04"]

1.e4 c5 2.Nf3 d6 3.d4 cxd4 4.Nxd4 Nf6 5.Nc3 a6 6.h3 e5 7.Nde2 h5 {The modern Najdorfplayer will arrely allow and "advanced vesrion" of the fianchettoe line. Although both} ( 7...Be6 8.g4 d5 9.exd5 Nxd5 10.Bg2 Bb4 11.O-O Bxc3 12.Nxc3 Nxc3 13.bxc3 {Kamsky,G (2733)-Shankland,S (2512) Saint Louis 2011} ) ( {And} 7...Be7 {are still playable, but it seems as Black is suffering here. One example} 8.g4 O-O 9.Be3 Nbd7 10.Ng3 b5 11.g5 {with advantage for White, Swiercz,D (2629)-Kempinski,R (2647) Poland 2015} ) 8.Bg5 {White on his term tries to prove that h7-h5 was a weakening move.} 8...Be6 9.Bxf6 {And then switches to play for the d5 outpost.} 9...Qxf6 10.Nd5 Qd8 11.Qd3 Nd7 12.O-O-O g6 {Still, Black has two bishops and harmonious development in return for the powerful knight on d5.} 13.Kb1 Nc5 {A novelty in comparison to} ( 13...Rc8 {which was played not long time ago. In a game that both adversaries knew well. One of them played at this same tournament and Ganguly was a long-time second of the former world champion Anand and possibly has worked this line with him some time ago-} 14.Nec3 Rc5 15.Be2 b5 16.a3 Nb6 17.g4 hxg4 18.Nxb6 Qxb6 19.hxg4 Rxh1 20.Rxh1 {and Anand went on to win a modal endgame in Anand,V (2803)-Topalov,V (2803) London 2015} ) 14.Qf3 Bg7 ( {Naturally, anytime Black captures on d5 White will recapture with a piece} 14...Bxd5 15.Rxd5 ) 15.Nec3 b5 16.Be2 Rb8 {Impudently intending to trap the white knight on c3 after b5-b4.} 17.a3 ( {As otherwise White may have problems with his e4 pawn-} 17.Rd2 b4 18.Nd1 Qh4 ) 17...Bd7 $1 {A nice maneuver that prepares both a6-a5 and b5-b4 as well as Nc5-e6-d4.} 18.Qe3 {Ganguly decided to defend vigorously.} ( {Another idea was to swpa the roles of the knights but after} 18.Ne3 Bc6 ( 18...a5 19.Rxd6 ) 19.Ncd5 Ne6 20.Bd3 Nd4 21.Qg3 h4 22.Qh2 {White's pieces are awkwardly placed.} ) ( {Objectively best might be} 18.g4 {with the idea to meet} 18...Ne6 {with} ( {Black can also try} 18...a5 $5 {which may lead to tremendous complications after} 19.gxh5 ( 19.b4 {is still an option for White} 19...Ne6 20.gxh5 Rxh5 21.Qg3 Rh8 22.h4 {with unclear play.} ) 19...Rxh5 20.Qg3 {and now} 20...b4 $1 21.Bxh5 bxc3 22.Bxg6 Rxb2+ 23.Ka1 Qb8 {Threatens mate in two after 24...Rb2-a2+} ( {Not} 23...fxg6 $2 24.Qxg6+ Kf8 25.Qxd6+ Kg8 26.Qxc5 ) 24.Qxc3 Na4 25.Qc4 fxg6 {When everything is unclear and my computer claims 0.00...} 26.Nc7+ Ke7 ( 26...Kd8 27.Rxd6 Qxc7 28.Qg8+ Ke7 29.Rxg6 Bf6 30.Qh7+ Ke6 31.Qg8+ ) 27.Rhg1 ) 19.gxh5 Rxh5 20.Qg3 Rh4 21.Bg4 {which will be much better version that the game continuation for White.} ) 18...a5 {Simple and strong, although} ( 18...Ne6 {was also interesting. True, Black has to sacrifice a pair of pawns in the line} 19.Qa7 a5 20.Qa6 b4 21.axb4 axb4 22.Na2 b3 23.cxb3 O-O ) 19.b4 $5 {This was Ganguly's idea. He believes that his central construction is solid enough to survive any flank attacks.} ( {Safer was} 19.Na2 ) 19...Ne6 20.g3 Nd4 21.Bd3 Be6 {Giri is not afraid of f2-f4, but perhaps it made good sense to avoid that option with the preliminary} ( 21...h4 $5 22.g4 ( 22.f4 hxg3 23.f5 Qh4 {looks good for Black.} ) 22...O-O {with good play for Black.} ) 22.f4 {Obviously White cannot sit and wait until his opponent opens the game on the queenside.} 22...axb4 23.axb4 Ra8 {Once again "Show me what you've got" approach.} ( {Instead} 23...exf4 24.gxf4 Ra8 25.e5 {is a mess.} ) 24.f5 {White is consistently trying to reach the black king.} 24...gxf5 25.exf5 Nxf5 {Better than} ( 25...Bxf5 26.Bxf5 Nxf5 {When White has a choice of attacking options} 27.Qd3 ( {Or} 27.Qf3 Nd4 28.Rxd4 exd4 29.Re1+ Be5 30.Nxb5 ) 27...Nd4 28.Nxb5 {and as the black Rh8 is not joining the game soon, White should be better.} ) 26.Bxf5 Bxf5 27.g4 {The same policy again- no shelter for the black king as in the line:} ( 27.Nxb5 O-O 28.g4 Bh7 {However, it seems as Ganguly forgot that Giri likes to keep his Monarch in the center. Somewhere around the e6-d5-f5 squares...} ) 27...hxg4 28.hxg4 Rxh1 29.Rxh1 Be6 $1 {The pawn is anything but yummy} ( {After} 29...Bxg4 $6 30.Qe4 $1 Be6 {Now best is the preliminary} 31.Rh7 $1 ( {White can reagin the exchange at once with} 31.Nc7+ Qxc7 32.Qxa8+ {but this is less appealing due to the simple} 32...Ke7 33.Nd5+ ( 33.Nxb5 $5 ) 33...Bxd5 34.Qxd5 Qc3 {with e5-e4 coming White will have to force perpetual sooner or later.} ) 31...Bf8 32.Nxb5 Rc8 33.Rh8 {when White is dominating.} ) 30.g5 ( {If} 30.Qe4 Kf8 {stops any Nd5-c7 fork ideas.} ) 30...Kf8 {Giri repelled the attack and is now in command. Still, the vulnerable position of his king and the naughty white knights prevent him of winning smoothly.} 31.Nf6 $1 {White's best chance is to keep this bishop away from his king. The other one is not that dangerous.} 31...Ra6 {Defends the d6 pawn and prepares the doubling of the heavy pieces along the "a" file.} ( 31...Qc7 32.Qd3 ) 32.Qf3 Qc7 ( {Premature is} 32...Qa8 33.Qxa8+ Rxa8 34.Rd1 Ke7 35.Nxb5 ( {Or even} 35.Nfd5+ Kd8 36.Nxb5 ) 35...Bxf6 36.gxf6+ Kxf6 37.Nxd6 {when White should get the draw.} ) 33.Nh7+ Ke8 34.Nf6+ Bxf6 {In mutual time trouble Giri saveguards the king. Aslo possible was} ( 34...Kd8 {with the idea to meet} 35.Rh7 $2 {with} ( {White should better defend with} 35.Qd3 Qa7 36.Kb2 {with good chances of survival.} ) 35...Qa7 $1 {and Black wins.} ) 35.gxf6 {The only move as the counterattack} ( 35.Qxf6 {fails to} 35...Qc4 $1 ( {Even the rook endgame after} 35...Qxc3 36.Rh8+ Kd7 37.Qd8+ Kc6 38.Qc8+ Bxc8 39.Rxc8+ Kd7 40.Rxc3 Ra4 {is won for Black.} ) 36.Rh8+ Kd7 {and if anyone is mated, it not going to be Black.} ) 35...Kd7 {Misses a good chance to increase the advantage after} ( 35...Qc6 $1 {Black should try to get rid of the queens.} 36.Qxc6+ ( 36.Rh8+ Kd7 37.Qd3 Qc4 ) 36...Rxc6 37.Nxb5 Rb6 {and Black is close to winning.} ) 36.Rd1 Qa7 37.Kb2 Bc4 38.Qe4 Kc7 39.Nd5+ Kb8 ( {But not} 39...Bxd5 $2 40.Qxd5 Kc8 41.Rh1 {when White is better.} ) 40.Nc3 Kc7 {Giri repeats the moves for the second time to get the additional time after move fourty.} ( {If} 40...Qf2 41.Rh1 Qxf6 42.Qg4 {creates the threat Qg4-g8+ followed by Rh1-h8 with strong attack. Nothing is clear after} 42...Qd8 43.Qg7 ) ( {However, Black can deviate from the repetition with} 40...Qb7 ) 41.Qf3 {Knowing the latter, Ganguly deviates first. He then tries to get in the opponent's camp with his queen.} 41...Qa8 42.Qe3 Qc6 43.Qg3 Ra8 44.Ra1 $1 {Weakens the eight rank and leads to a favourable pair or pieces.} 44...Rxa1 45.Kxa1 Qb6 46.Qh4 d5 47.Kb2 ( {Tricks do not work} 47.Qxc4+ $2 dxc4 48.Nd5+ Kc6 49.Nxb6 Kxb6 ) 47...Qd6 48.Kc1 {The culmination of the game. Black is up a pawn but the position of his king is insecure. It is quite obvious that he cannot make progress without advancing his pawns.} 48...Qa6 {Now the white queen gets too much activity. Correct was} ( 48...d4 49.Ne4 {and now not} 49...Qxb4 $6 ( {Here strong is} 49...Qc6 $1 50.Qg4 Be6 51.Qe2 Qc4 {with excellent winning chances for Black.} ) 50.Qg3 $1 {when Black loses the important e5 pawn.} ) 49.Qg5 $1 Kd6 50.Qg8 $1 {The queen is ready for the perpetual.} 50...Qa3+ ( {Perhaps Giri intended to go for the f6 pawn and realized only now that} 50...Ke6 51.Qg4+ Kxf6 52.Qh4+ {will force him to abandon the e5 pawn in order to avoid the perpetual.} ) 51.Kd2 Qa7 52.Qe8 Qd7 53.Qg8 Qb7 54.Qe8 Qd7 55.Qg8 e4 {There is practically no choice.} ( 55...Qc7 56.Qe8 e4 57.Nxb5+ Bxb5 58.Qxb5 ) ( 55...d4 56.Ne4+ Kc7 57.Qf8 ) 56.Qg3+ Kc6 57.Qe5 Qc7 58.Qe8+ Kb6 59.Qe7 Qf4+ 60.Kd1 Qf1+ 61.Kd2 Qf4+ 62.Kd1 e3 63.Qd8+ Ka6 {The perpetual is a fact as} ( 63...Qc7 64.Nxd5+ Bxd5 65.Qxd5 {draws as well.} ) 64.Qa8+ Kb6 65.Qd8+ Ka6 {Fundamental battle!} 1/2-1/2

[Event "Masters Open"]
[Site "Qatar"]
[Date "2015.12.27"]
[Round "7.7"]
[White "Sjugirov, Sanan"]
[Black "Jakovenko, Dmitry"]
[Result "1-0"]
[WhiteElo "2646"]
[BlackElo "2737"]
[EventDate "2015.??.??"]
[Annotator "Bojkov,Dejan"]
[PlyCount "69"]
[Beauty "8045547494433"]
[EventType "team-tourn"]
[EventCountry "QAT"]
[WhiteClock "0:28:19"]
[BlackClock "0:31:11"]

1.Nf3 d5 2.g3 Bg4 {The Reti opening is again popular nowadays and the system with Bg4 remains a very reliable weapon for the second player. Especially of he/she uses the Slav defense against 1.d4.} 3.Bg2 c6 4.O-O e6 5.h3 ( {More common is the continuation} 5.d3 Bd6 6.c4 Ne7 7.cxd5 exd5 8.Nc3 O-O 9.h3 Bh5 10.e4 {as played very recently in Carlsen,M (2850)-Adams,M (2744) London 2015} ) ( 5.d4 {is also an option.} ) 5...Bh5 6.d3 Nd7 7.e4 Bd6 8.exd5 {Quite a venomous plan as we shall see soon.} 8...cxd5 ( 8...exd5 {will be met with} 9.c4 {anyway. After} 9...Ne7 10.Nc3 dxc4 11.dxc4 {White got very nice position in Khairullin,I (2657)-Pashikian,A (2603) Legnica 2013} ) 9.c4 Ne7 {Looks better than} ( 9...Ngf6 {when after} 10.Nc3 {White has the additional threat g3-g4-g5 to win the d5 pawn.} ) 10.Nc3 O-O 11.cxd5 exd5 {Perhaps Black should have traded a pair of knights} ( 11...Nxd5 12.Nxd5 exd5 {although White has pressure with} 13.Qb3 $1 ( {Rather than the preliminary} 13.g4 Bg6 14.Qb3 Nc5 $1 ) 13...Nb6 14.a4 a5 15.Be3 ) 12.g4 {A very unpleasant novelty to meet. The d5 pawn becomes vulnerable.} ( {All five predecessors saw} 12.Re1 {which gave a chance to Black to defend after} 12...Rc8 13.d4 h6 14.Qb3 Nb6 15.Ne5 Nc6 {as in the blitz game Kramnik,V (2769)-Adams,M (2745) London 2014} ) 12...Bg6 13.Nh4 Nb6 {P. Svidler explained in his live commentary that Black's main plan is to try and sacrifice the ill d5 pawn for counterplay on the dark squares. Besides this defense Jakovenko had two other interesting options:} ( 13...d4 {which is generally not desirable as it prolongs the diagonal of the light squared bishop. Play may continue} 14.Nb5 Bc5 {When White has various ways of developing the initiative. There is an interesting pawn sacrifice:} 15.b4 ( {As well as solid mounting of pressure} 15.Qb3 a6 16.Na3 Ra7 17.Bf4 ) ( {And classical approach-} 15.f4 ) 15...Bxb4 16.Rb1 a5 17.Bf4 {In all cases White seems favourite.} ) ( {Probably Blac needed to drag the d4 pawn closer to his camp with} 13...Nc5 $5 14.d4 Ne6 15.f4 Nc6 16.Nxg6 ( 16.f5 $2 Qxh4 ) 16...hxg6 17.Be3 Nc7 {this still looks better for White but Black can try to counter-attack on d4 later.} ) 14.Bg5 {with the obvious intention to grab the pawn after some trades. This move causes confusion in Jakovenko's camp.} ( 14.a4 {at once was also good.} ) 14...Qd7 ( {White is better after} 14...h6 15.Nxg6 fxg6 16.Be3 Bf4 17.Bd4 ) 15.a4 $1 {Now that the queen is no longer protecting the knight on b6 and is taking the d7 square of it this is specifically painful.} 15...Rae8 ( {The bad black knight is concern in the line} 15...a5 16.Be3 Qd8 17.Qb3 ( 17.Nb5 $5 ) 17...Bb4 18.Na2 ) 16.a5 Na8 {Awkward to say at least.} 17.Nxg6 ( {Svidler revealed that Black's idea to sacrifice a pawn would have worked well after} 17.Bxe7 Bxe7 ( 17...Qxe7 {is actually simpler and better} 18.Nxg6 hxg6 19.Nxd5 Qe5 {with counterplay along the dark squares.} ) 18.Nxg6 hxg6 19.Nxd5 Nc7 {and Black will prepare battery on the b8-h2 diagonal.} ) 17...Nxg6 ( 17...hxg6 {was more stubborn.} ) 18.Qa4 $1 {A powerful move. White is not in a hurry to capture the "d" pawn and offers the queen exchange instead. If these two disappear there will be no counterplay along the dark squares and the drawbacks in Black's position will be exposed. The "d" pawn will go west, and yes-the knight on a8 would not be the jewel in the crown. The queen controls the "f4" square and thus kills any counterchances by Black.} 18...Qe6 ( 18...Qxa4 19.Rxa4 {is practically lost for Black.} ) 19.Bd2 {Another cool move that moves the bishop away from the vulnerable g5 square, but which prepares Ra1-e1 as well as the advance of the "f" pawn.} ( {No need to allow any counterplay after} 19.Nxd5 f5 ) 19...Qe5 ( {If} 19...Nc7 20.Rae1 Qc8 {White would finally take the pawn} 21.Nxd5 ) 20.f4 Bc5+ 21.Kh1 Qb8 22.Nxd5 {Sjugirov won the pawn and kept all the positional advantages.} 22...Bd6 23.Qd4 Rd8 24.Bc3 f6 {After some preparation White opens the game.} 25.g5 Ne7 26.gxf6 Nf5 ( 26...gxf6 {is hopeless-} 27.Nxf6+ Kg7 ( 27...Kf7 28.Bd5+ Nxd5 29.Qxd5+ ) 28.Nd7+ ) 27.Qc4 Rf7 ( 27...Ng3+ 28.Kh2 Nxf1+ 29.Rxf1 ) 28.fxg7 Rc8 29.Nf6+ Kxg7 30.Nd7+ Kg8 31.Nxb8 Rxc4 32.dxc4 Ng3+ ( 32...Bxb8 33.Bd5 ) 33.Kg1 Ne2+ 34.Kh2 Nxf4 35.Kh1 {Sanan Sjugirov joins Magnus Carlsen in the lead!} 1-0

[Event "Tata Steel Chess - Challengers"]
[Site "?"]
[Date "2016.01.17"]
[Round "2.5"]
[White "Bok, Benjamin"]
[Black "L'Ami, Erwin"]
[Result "1-0"]
[WhiteElo "2607"]
[BlackElo "2627"]
[EventDate "2016.??.??"]
[Annotator "Bojkov,Dejan"]
[PlyCount "75"]
[Beauty "7835094096938"]
[EventType "game"]
[WhiteClock "0:00:58"]
[BlackClock "0:00:35"]

1.Nf3 {Surprising first move by Bok, who is generally a 1.e4 player.} 1...f5 {A small counter-surprise in return. L'Ami inserted the Leningrad Dutch in his repertoire last year and according to my Megabase has only five games played so far in it.} 2.g3 Nf6 3.Bg2 g6 4.O-O Bg7 5.d4 O-O 6.c4 d6 7.Nc3 c6 {The main move, although the Guru of the line Malanuik prefers} ( 7...Qe8 ) 8.b3 ( {White can also try to advance this pawn more aggressively with} 8.Rb1 Na6 9.b4 Ne4 {as in Kramnik,V (2783)-Caruana,F (2811) Zurich 2015} ) ( {While the main line is} 8.d5 e5 9.dxe6 Bxe6 10.Qd3 {one recent example-Harikrishna,P (2727) -Mamedyarov,S (2765) Beijing 2014} ) 8...Na6 ( 8...Qc7 {is another line} 9.Ba3 Ne4 {Karjakin,S (2760)-Caruana,F (2811) Zurich 2015} ) 9.Re1 Ne4 10.Bb2 d5 {A novelty. A year earlier at this very place a game from the Masters section saw:} ( 10...Nxc3 11.Bxc3 {When Caruana rerouted his knight towards the center with} 11...Nc5 {Which was met with an even more cunning knight maneuver} 12.Ng5 d5 13.Nh3 Ne4 {with a complex battle ahead, Wojtaszek,R (2744)-Caruana,F (2820) Wijk aan Zee 2015} ) 11.cxd5 cxd5 12.Ne5 {Similar positions may appear in the Fianchettoe line of the Gruenfeld defense. The general difference between both positions is the situation of the knights. While the one on e5 is on a stable outpost its collegue can be chased away with f2-f3. And yes, the other black one is badly placed on the rim as well.} 12...Nb4 {Which is what L'Ami tries to change, but this comes at a certain price.} ( {A more patient way to level the energy of the white knights was connected with} 12...Be6 13.f3 Nxc3 14.Bxc3 Rc8 {followed by Na6-b8-c6(d7).} ) 13.Rc1 Be6 14.a3 Nc6 15.Nxc6 bxc6 {The bad knight was swapped off, but a backward pawn on c6 is the price.} 16.Na4 {Bok decided to keep the knight as he believes that after f2-f3 it will be still superior to the black one.} ( {Also good is} 16.f3 Nxc3 17.Rxc3 {when White will gang up against the "c" pawn after the preliminary e2-e3.} ) 16...f4 $1 {Black's only chance is activity or else the weaknesses will soon tell.} 17.f3 Nd6 $6 {But this retreat spoiled the plan. I have the feeling that L'Ami should have gone for} ( 17...Ng5 18.Rxc6 Nh3+ 19.Bxh3 ( 19.Kf1 {looks riskier} 19...Bd7 20.Rc3 fxg3 21.hxg3 g5 ) 19...Bxh3 20.g4 Rc8 21.Rxc8 Qxc8 {with compensation for the pawn.} ) 18.Nc5 $1 {There is no need to enter complications when you are better strategically.} ( 18.Rxc6 Bd7 19.Rc1 Bxa4 20.bxa4 fxg3 21.hxg3 Nf5 {would be fun for Black instead.} ) 18...Bd7 ( 18...Bc8 {seems more accurate but still not fun.} ) 19.e4 $1 {Powerplay by Bok.} 19...g5 ( {After} 19...fxe3 $6 20.Rxe3 {White will add a backward pawn on e7 and plenty of weak squares along the "e" file to his treasure box.} ) ( {White will have strong center after} 19...fxg3 20.hxg3 ) 20.exd5 cxd5 {White has serious positional advantage and cashes it in with cute tactic:} 21.Re5 $3 {Double attack.} 21...e6 {Best chance is to try and make use of the poor position of the white rook.} ( {The rook is untouchable} 21...Bxe5 22.dxe5 Nf5 23.Qxd5+ ) ( 21...h6 22.Rxd5 ) 22.Nxd7 Qxd7 23.Rxg5 Nf5 24.Qd3 Rab8 ( {Maybe} 24...Qe7 {with the idea} 25.Rh5 ( 25.gxf4 Kh8 ) 25...Qe8 26.g4 Qg6 {was worth a try.} ) 25.Bh3 Kh8 26.Rh5 Qf7 27.Bg4 h6 28.gxf4 {White simply takes everything that he can but this weakens his position a bit.} 28...Ne7 $1 29.Re1 ( {In case of} 29.Rc7 Rfc8 30.Rxa7 {Black has} 30...Qf6 {with the idea Ne7-g6:f4 and it ain't over yet.} ) 29...Ng6 30.Bc1 Nxf4 31.Bxf4 Qxf4 {L'Ami squueezed everything he could from the position but two pawns are still a lot. Still, the arising mutual time-trouble gave him some extra chances.} 32.Kg2 Rbc8 ( {The pawn is poisoned} 32...Qxd4 $2 33.Rxh6+ Kg8 34.Qh7+ Kf7 35.Qg6+ ) ( {Or} 32...Bxd4 $6 33.Rxe6 ) 33.Bxe6 {There was nothing wrong with} ( 33.Rxe6 Qc1 34.Qe3 Rc2+ 35.Kg3 Qxe3 36.Rxe3 Bxd4 37.Re7 {and White is close to winning.} ) 33...Rce8 ( {A trick is always worth a try in lost positions. Here} 33...Rc2+ $1 {The rook is not edible} 34.Qxc2 $4 ( 34.Re2 $1 {is best although Black has serious drawing chances after} 34...Rxe2+ 35.Qxe2 Qf6 $1 {When tactics seem to work in Black's favour} ( {Or even} 35...Qxd4 36.Bxd5 Qf6 ) 36.Bf5 ( {Worse is} 36.Rxd5 Re8 37.Rd6 Qg5+ 38.Kf1 Qf4 ) ( {While} 36.Bxd5 $4 {drops a piece after} 36...Qg6+ ) 36...Qxd4 ) 34...Qxf3+ 35.Kg1 Bxd4+ {due to the mate.} ) 34.Re2 ( 34.Rxd5 {was better.} ) 34...Bxd4 35.Bg4 ( 35.Rxd5 {is still best} 35...Bg7 ) 35...Rd8 $2 {L'Ami gives the open file in the crucial moment of the game and this loses instantly. Instead} ( 35...Rxe2+ 36.Qxe2 Rd8 37.Be6 Bf6 $1 {leads to a position which is definitely not winning for White. For example} 38.Bxd5 ( 38.Rxd5 $2 Rxd5 39.Bxd5 Qg5+ {drops a piece.} ) 38...Bg5 {The white rook is excluded and the threat Rd8-d2 forces White to play} 39.Qb2+ Kh7 40.Be4+ Kg8 41.Qc3 Rd2+ 42.Kf1 Rd1+ 43.Ke2 Rd2+ 44.Ke1 Rd8 {White still has two extra pawns but the insecure position of his king is a primary factor.} ) 36.Re7 Bg7 37.Qg6 {Mate is unstoppable.} 37...Qd2+ ( 37...Rg8 38.Bf5 ) 38.Kh3 ( 38.Kh3 Rg8 39.Bf5 ) 1-0